| 000 | 00576nam a2200181 a 4500 | ||
|---|---|---|---|
| 001 | 000047724 | ||
| 005 | 20201002060711.0 | ||
| 008 | 180724s2015 dr 000 0 spa d | ||
| 020 | _a9789945167177 | ||
| 040 |
_aDO-SdBNP _bspa _cBNPHU |
||
| 082 |
_axxx _bC957d |
||
| 100 | 1 |
_aCruz Henríquez, Juan de la _975329 |
|
| 245 | 1 | 3 |
_aUn diario vivir en tres etapas / _cJuan de la Cruz Henríquez. |
| 260 |
_aSanto DOmingo, : _bBúho, _c2015. |
||
| 300 |
_a110 p. ; _c20 cm. |
||
| 500 | _aIncluye datos biografícos del autor en la contraportada. | ||
| 590 | _aInventariado, 2018/ YL | ||
| 999 |
_c47212 _d47212 |
||